| Registos Bibliográficos associados ao registo de autoridade |
|
Etiqueta de registo: 00000nam 2200025 450 001 2288456 003 http://id.bnportugal.gov.pt/bib/catbnp/2288456 100 ## $a20260622d2021 k y0pory01030103ba 101 0# $apor$deng 102 ## $aPT 105 ## $aa m 000yy 106 ## $ar 200 1# $a A guitarra jazz em Portugal (1940-1990)$e o percurso e contributo de Carlos Menezes, José Luís Simões, João Maló, Armindo
Neves e Luís Stoffel$fNuno Alexandre Pinto Ribeiro da Costa$gorient. Ricardo Nuno Futre Pinheiro, António de Sousa Dias 210 #9 $aLisboa$c[s.n.],$d2021 215 ## $a1 v.$cil.$d30 cm 328 #1 $aTese dout. Artes, Faculdade de Belas-Artes, Universidade de Lisboa, 2021 700 #1 $aCosta,$bNuno Alexandre Pinto Ribeiro da$32001227 702 #1 $aPinheiro,$bRicardo Futre,$f1977-$4727$31228152 702 #1 $92$aDias,$bAntónio de Sousa$4727$31607194 801 #0 $aPT$bBN$gRPC 966 ## $lBN$mFGMON$x1 971 ## $corlando$d20260622
|
|
|